000 00684nam a2200265Ia 4500
003 OSt
005 20220918163504.0
006 a|||||r|||| 00| 0
007 ta
008 220917b |||||||| |||| 00| 0 eng d
020 _a004800817
024 _a30,853
037 _cTextual
040 _aARTS
_cARTS
_beng
041 _2eng
_aeng
082 _aO111,3M57:g, M6
100 _aGrylis David
_913420
245 0 _aParadox of Gissing
260 _aLondon
_bAllen & Unwin UK
_c1986
300 _axiii,226p.
_ccm.
500 _aBib 190-91p
650 _aENGLISH LITERATURE
942 _hO111,3M57:g, M6
_cTEXL
_2CC
999 _c119830
_d119830